Computational Collective Intelligence. Technologies and Applications 6th International Conference, ICCCI 2014, Seoul, Korea, September 24-26, 2014. Proceedings /

This book constitutes the refereed proceedings of the 6th International Conference on Collective Intelligence, ICCCI 2014, held in Seoul, Korea, in September 2014. The 70 full papers presented were carefully reviewed and selected from 205 submissions. They address topics such as knowledge integratio...

Full description

Bibliographic Details
Corporate Author: SpringerLink (Online service)
Other Authors: Hwang, Dosam (Editor), Jung, Jason J. (Editor), Nguyen, Ngoc-Thanh (Editor)
Format: Electronic eBook
Language:English
Published: Cham : Springer International Publishing : Imprint: Springer, 2014.
Series:Lecture Notes in Computer Science, 8733
Subjects:
Online Access:Full Text via HEAL-Link
LEADER 03549nam a22006015i 4500
001 978-3-319-11289-3
003 DE-He213
005 20151123195213.0
007 cr nn 008mamaa
008 140904s2014 gw | s |||| 0|eng d
020 |a 9783319112893  |9 978-3-319-11289-3 
024 7 |a 10.1007/978-3-319-11289-3  |2 doi 
040 |d GrThAP 
050 4 |a Q334-342 
050 4 |a TJ210.2-211.495 
072 7 |a UYQ  |2 bicssc 
072 7 |a TJFM1  |2 bicssc 
072 7 |a COM004000  |2 bisacsh 
082 0 4 |a 006.3  |2 23 
245 1 0 |a Computational Collective Intelligence. Technologies and Applications  |h [electronic resource] :  |b 6th International Conference, ICCCI 2014, Seoul, Korea, September 24-26, 2014. Proceedings /  |c edited by Dosam Hwang, Jason J. Jung, Ngoc-Thanh Nguyen. 
264 1 |a Cham :  |b Springer International Publishing :  |b Imprint: Springer,  |c 2014. 
300 |a XX, 704 p. 235 illus.  |b online resource. 
336 |a text  |b txt  |2 rdacontent 
337 |a computer  |b c  |2 rdamedia 
338 |a online resource  |b cr  |2 rdacarrier 
347 |a text file  |b PDF  |2 rda 
490 1 |a Lecture Notes in Computer Science,  |x 0302-9743 ;  |v 8733 
505 0 |a Knowledge integration -- Data mining for collective processing -- Fuzzy, modal and collective systems -- Nature inspired systems -- Language processing systems -- Social networks and semantic web -- Agent and multi-agent systems -- Classification and clustering methods -- Multi-dimensional data processing -- Web systems -- Intelligent decision making -- Methods for scheduling, image and video processing -- Collective intelligence in web systems -- Computational swarm intelligence -- Cooperation and collective knowledge. 
520 |a This book constitutes the refereed proceedings of the 6th International Conference on Collective Intelligence, ICCCI 2014, held in Seoul, Korea, in September 2014. The 70 full papers presented were carefully reviewed and selected from 205 submissions. They address topics such as knowledge integration, data mining for collective processing, fuzzy, modal and collective systems, nature inspired systems, language processing systems, social networks and semantic web, agent and multi-agent systems, classification and clustering methods, multi-dimensional data processing, Web systems, intelligent decision making, methods for scheduling, image and video processing, collective intelligence in web systems, computational swarm intelligence, cooperation and collective knowledge. 
650 0 |a Computer science. 
650 0 |a Algorithms. 
650 0 |a Data mining. 
650 0 |a Information storage and retrieval. 
650 0 |a Artificial intelligence. 
650 0 |a Education  |x Data processing. 
650 1 4 |a Computer Science. 
650 2 4 |a Artificial Intelligence (incl. Robotics). 
650 2 4 |a Data Mining and Knowledge Discovery. 
650 2 4 |a Information Systems Applications (incl. Internet). 
650 2 4 |a Information Storage and Retrieval. 
650 2 4 |a Algorithm Analysis and Problem Complexity. 
650 2 4 |a Computers and Education. 
700 1 |a Hwang, Dosam.  |e editor. 
700 1 |a Jung, Jason J.  |e editor. 
700 1 |a Nguyen, Ngoc-Thanh.  |e editor. 
710 2 |a SpringerLink (Online service) 
773 0 |t Springer eBooks 
776 0 8 |i Printed edition:  |z 9783319112886 
830 0 |a Lecture Notes in Computer Science,  |x 0302-9743 ;  |v 8733 
856 4 0 |u http://dx.doi.org/10.1007/978-3-319-11289-3  |z Full Text via HEAL-Link 
912 |a ZDB-2-SCS 
912 |a ZDB-2-LNC 
950 |a Computer Science (Springer-11645)